| 000 | 00778nam a2200229 i 4500 | ||
|---|---|---|---|
| 001 | 184329 | ||
| 003 | ES-MaACL | ||
| 005 | 20250902063119.0 | ||
| 008 | 150623e1897 sp |r 00| p|spa | ||
| 040 | _cES-MaACL | ||
| 080 | _a821.134.2-14"18" | ||
| 100 | 1 |
_aAbad, José _c(Poeta) _eaut _9157114 |
|
| 245 | 1 | 0 |
_aDe la vida : _bversos / _cJ. Abad |
| 260 |
_aBarcelona : _b[s.n.], _c1897 _f(Tip. "L'Avenç" de Massó Cesar T. Elias) |
||
| 300 |
_a103 páginas ; _c19 cm |
||
| 655 | 4 |
_aPoesías _9176539 |
|
| 752 |
_aEspaña - _dBarcelona |
||
| 852 | 4 |
_aES-MaACL _cDEPOF _gDedicatoria autógrafa del autor _jT-863-F-1 _xEnc. en un vol. facticio conservando enc. original |
|
| 942 |
_cMONOGRAFIA _n0 |
||
| 999 |
_c184329 _d184329 |
||